书目信息 |
| 题名: |
APPLE PASCAL游戏
|
|
| 作者: | 天津师大资料服务社 | |
| 分册: | 下册 | |
| 出版信息: | 天津 天津师大资料服务社 |
|
| 页数: | 不详 | |
| 开本: | 26cm | |
| 丛书名: | ||
| 单 册: | ||
| 中图分类: | TP312PA | |
| 科图分类: | ||
| 主题词: | 软件 | |
| 电子资源: | ||
| ISBN: | ||
| 000 | 00525nam0 2200169 450 | |
| 001 | 0656452235 | |
| 005 | 20060808154230.73 | |
| 100 | @a20060808d km y0chiy0120 ea | |
| 101 | 0 | @achi |
| 200 | 1 | @aAPPLE PASCAL游戏@AAPPLE PASCAL you xi@h下册@f天津师大资料服务社@Ftian jin shi da zi liao fu wu she |
| 210 | @a天津@c天津师大资料服务社 | |
| 215 | @a不详@d26cm | |
| 606 | 0 | @a软件 |
| 690 | @aTP312PA@v3 | |
| 701 | 0 | @a天津师大资料服务社@Atian jin shi da zi liao fu wu she |
| 801 | 0 | @aCN@bPFT@c20060808 |
| 905 | @a10447@dTP312PA@e436:2 | |
| APPLE PASCAL游戏.下册/天津师大资料服务社.-天津:天津师大资料服务社 |
| 不详;26cm |
| ISBN : |
| ● |
| 相关链接 |
|
|
|
|
正题名:APPLE PASCAL游戏
索取号:TP312PA/436:2
 
预约/预借
| 序号 | 登录号 | 条形码 | 馆藏地/架位号 | 状态 | 备注 |
| 1 | 0451745 | 204517451 | 密集书库/ [索取号:TP312PA/436:2] | 在馆 |